00335nam a2200109Ia 4500008004100000082001500041100001500056245004100071260007200112630001800184650002300202211109s9999||||xx |||||||||||||| ||und|| a920bZAC-B aZacharia,  0aBhaskara Pattelarum Ante Geevithavum bFrom Fr Gregory Karikamparampil No 1006aEndowment, Current Bc1900 xGENERAL STACK aHistoryvBiography